Valuing residential property purpose built for renting (Record no. 116245)
[ view plain ]
| 000 -LEADER | |
|---|---|
| fixed length control field | 01342cam a22002535a 4500 |
| 001 - CONTROL NUMBER | |
| control field | L160140 |
| 008 - FIXED-LENGTH DATA ELEMENTS--GENERAL INFORMATION | |
| fixed length control field | 180808s2018 xxk f 000 0 eng d |
| 020 ## - INTERNATIONAL STANDARD BOOK NUMBER | |
| International Standard Book Number | 97817832132143214 |
| 035 ## - SYSTEM CONTROL NUMBER | |
| System control number | (Sirsi) u160140 |
| 041 0# - LANGUAGE CODE | |
| Language code of text/sound track or separate title | eng |
| 100 1# - MAIN ENTRY--PERSONAL NAME | |
| Personal name | Hardman, Jason |
| 245 00 - TITLE STATEMENT | |
| Title | Valuing residential property purpose built for renting |
| Medium | [old edition] |
| 260 ## - PUBLICATION, DISTRIBUTION, ETC. | |
| Place of publication, distribution, etc. | London |
| Name of publisher, distributor, etc. | RICS |
| Date of publication, distribution, etc. | 2018 |
| 490 #0 - SERIES STATEMENT | |
| Series statement | RICS Professional Standards and Guidance UK |
| 520 ## - SUMMARY, ETC. | |
| Summary, etc. | Provides guidance on the general approach to valuation that should be adopted for the build-to-rent part of the residential investment sector and recognises that reflecting market practice? the principal basis should be an income-driven one. Includes form of tenancy, valuation considerations, Valuation approach, assessment of gross income, assessment of operating expenditure, Net income capitalisation, benchmarking, aggregate break-up value concluding with cash flow analysis |
| 520 ## - SUMMARY, ETC. | |
| Summary, etc. | In force until July 2018 |
| 590 ## - LOCAL NOTE (RLIN) | |
| Local note | NTK |
| 650 24 - SUBJECT ADDED ENTRY--TOPICAL TERM | |
| Topical term or geographic name entry element | BUILD-TO-RENT |
| 651 #4 - SUBJECT ADDED ENTRY--GEOGRAPHIC NAME | |
| Geographic name | United Kingdom |
| 690 ## - LOCAL SUBJECT ADDED ENTRY--TOPICAL TERM (OCLC, RLIN) | |
| Topical term or geographic name as entry element | Valuation |
| 9 (RLIN) | 6273 |
| 690 ## - LOCAL SUBJECT ADDED ENTRY--TOPICAL TERM (OCLC, RLIN) | |
| Topical term or geographic name as entry element | Residential property |
| 9 (RLIN) | 6266 |
| 856 40 - ELECTRONIC LOCATION AND ACCESS | |
| Uniform Resource Identifier | <a href="https://www.isurv.com/downloads/file/6317/archive_valuing_residential_property_purpose_built_for_renting_1st_edition_september_2014-july_2018">https://www.isurv.com/downloads/file/6317/archive_valuing_residential_property_purpose_built_for_renting_1st_edition_september_2014-july_2018</a> |
| Public note | Archived on isurv (subscription only) |
| 942 ## - ADDED ENTRY ELEMENTS (KOHA) | |
| Suppress in OPAC | 0 |
| Source of classification or shelving scheme | Dewey Decimal Classification |
| Withdrawn status | Lost status | Source of classification or shelving scheme | Damaged status | Not for loan | Home library | Current library | Shelving location | Date acquired | Total Checkouts | Full call number | Date last seen | Copy number | Price effective from | Koha item type |
|---|---|---|---|---|---|---|---|---|---|---|---|---|---|---|
| Dewey Decimal Classification | Virtual | Virtual | Online | 08/08/2018 | isurv | 31/12/2024 | 1 | 06/08/2019 | Online material |